|
|
|
|
| LEADER |
01071cam a2200265 a 4500 |
| 001 |
c000262118 |
| 003 |
CARM |
| 005 |
20070608152224.0 |
| 008 |
860616s1984 aca a 000 0 eng d |
| 019 |
1 |
|
|a 4497375
|5 LACONCORD2021
|
| 035 |
|
|
|a (OCoLC)219755115
|5 LACONCORD2021
|
| 040 |
|
|
|a VU
|b eng
|c VU
|d ABN-SNR
|
| 042 |
|
|
|a anuc
|
| 043 |
|
|
|a u-at---
|
| 082 |
1 |
4 |
|a 610.28
|2 19
|
| 245 |
0 |
0 |
|a Electromedical engineering :
|b patent trends and developments /
|c Technology Information Branch, Australian Patent Office.
|
| 260 |
|
|
|a [Woden, A.C.T.] :
|b The Office,
|c 1984.
|
| 300 |
|
|
|a 243 p. :
|b ill. ;
|c 30 cm.
|
| 650 |
|
0 |
|a Electronics in biology.
|
| 650 |
|
0 |
|a Biomedical engineering
|z Australia.
|
| 650 |
|
0 |
|a Patents
|z Australia
|v Abstracts.
|
| 710 |
1 |
|
|a Australia.
|b Patent, Trade Marks and Designs Office.
|b Technology Information Branch.
|
| 852 |
8 |
|
|b CARM
|h A1:AP32D0
|i F02153
|p 0375381
|f BK
|
| 999 |
f |
f |
|i 5fe7ae4e-4f75-56d4-a962-eccee241d0f4
|s 7d54f4bc-86e5-5253-a0a7-a4ed67a4a7b6
|
| 952 |
f |
f |
|p Can circulate
|a CAVAL
|b CAVAL
|c CAVAL
|d CARM 1 Store
|e F02153
|f A1:AP32D0
|h Other scheme
|i book
|m 0375381
|